000 00625nam a22001697a 4500
999 _c5225
_d5225
020 _a9780324578683
050 _aHF5718.3.G838
100 _aMary Ellen Guffy
245 _aBusiness Communication
_bProduct & Product
250 _a6th ed
260 _aAustralia
_bSouth-Western
_c2008
300 _a525p
_bill,23cm
500 _aIncludes noes and index
505 _aUnit 1 Communication Foundations Unit 2 The 3-x-3 Writing Process Unit 3 Reports, proposals and Presentations Unit 4 Business Correspondence Unit 5 Employment Communication Appendices End master
650 _aBusiness Communication
942 _cBK